000 01173nam0a22002771 4500
001 rc\2370989
005 20110829160211.0
035 _a(NLR Aleph) 006600591
090 _a7243569
_c7243569
100 _a20110829d1976 |||y0rusy50 ca
101 0 _arus
102 _aRU
105 _aa z |||||
200 1 _aВертициллезный вилт культурных растений Молдавии
_e[Сборник статей]
_f[Ред. коллегия: акад. АН МССР И.С. Попушой (отв. ред.)] [и др.]
_gАН МССР. Лаб. микологии и вирусологии
210 _aКишинев
_cШтиинца
_d1976
215 _a95 с., 4 л. ил.
_cграф.
_d22
320 _aБиблиогр. в конце статей
702 1 _aПопушой
_bИ. С.
_gИван Семенович
_4340
712 0 2 _aАН МССР
_cКишинев
_bЛаборатория микологии и вирусологии
_3RU\NLR\AUTH\8811280
801 0 _aRU
_bNLR
_gpsbo
801 1 _aRU
_bELAR
_2rusmarc
852 _aNLR
_j76-6/6993
899 _aRuMoRGB
_jБ 76-8/1119
899 _aRuMoRGB
_jБ 76-8/1120
942 _cBOOK
980 _aNB